|
|
|
|
| LEADER |
00898nam a2200241 a 4500 |
| 001 |
00021787 |
| 003 |
BD-DhAAL |
| 005 |
20231219141453.0 |
| 008 |
110111s2010 bg 000 0 eng d |
| 020 |
|
|
|a 98483621025
|
| 040 |
|
|
|a BD-DhAAL
|c BD-DhAAL
|
| 082 |
0 |
0 |
|a 423.9144
|2 22
|
| 245 |
1 |
0 |
|a Oxford advanced learner's dictionary :
|b English to Bengali & English /
|c edited by Md Kamruzzaman Khan
|
| 250 |
|
|
|a New deluxe edition.
|
| 260 |
|
|
|a Dhaka :
|b Oxford Press & Publishers,
|c 2010
|
| 300 |
|
|
|a xvi, 638 pages ;
|c 19 cm.
|
| 541 |
1 |
|
|e 00021787
|
| 650 |
|
0 |
|a English language
|v Dictionaries
|x Bengali.
|9 3541
|
| 700 |
1 |
|
|a Kamruzzaman, Md Khan.
|9 55847
|
| 852 |
4 |
|
|a Ayesha Abed Library
|j Reference
|
| 942 |
|
|
|2 ddc
|c BK
|
| 999 |
|
|
|c 10293
|d 10293
|
| 952 |
|
|
|0 0
|1 0
|2 ddc
|4 0
|6 423_914400000000000_STR
|7 0
|9 13765
|a BRACUL
|b BRACUL
|c REF
|d 2011-01-11
|l 3
|o 423.9144 STR
|p 3010021787
|r 2018-04-02
|s 2018-03-27
|t 1
|w 2011-01-11
|y BK
|